000 01097nam a22003495b 4500
001 446
003 DO-SdBPM
005 20250611104623.0
007 ta
008 950710s1999 sp a | | ||spa
017 _a
_b
020 _a8424178920
040 _aDO-SdBPM
_bspa
_cBPMSU
_erda
082 4 _a863.6
_bA347g 1999
_222
100 1 _a Alcantara, Ricardo,
_d1946-
_eautor
245 1 3 _a El gallo Jacinto /
_cRicardo Alcántara ; ilustrado por Chiara Carrer.
_h
250 _a
264 _aLeón, España :
_bEditorial Everest,
_c1999
300 _a33 páginas :
_bil.ustraciones ;
_c21 cm
336 _atexto
_btxt
_2rdacontent
337 _asin mediación
_bn
_2rdamedia
338 _avolumen
_bnc
_2rdacarrier
490 0 _aMontaña encantada;
_aPrimeros lectores,
_v
590 _aInventariado, 2025/VM
600 _2
650 7 _aCuentos infantiles uruguayos
650 7 _aGallos
_vCuentos infantiles
650 7 _aLibros ilustrados para niños
700 1 _a Chiara, Carrer,
_eilustrador
910 _aVMateo V. Control de calidad. BPMSU
942 _2ddc
_cBK
999 _c15157
_d15157